Odcinki - Obłędny Cyfrowy Cyrk - Statystyki

Ogólne statystyki
  • Ten quiz został rozwiązany 7 razy
  • Średni wynik to 5 z 7
Statystyki odpowiedzi
Hint Odpowiedź % Poprawnych
5 Bez Tytułu
100%
1 Pilot
100%
7 Odcinek Plażowy
83%
2 Słodka Sprawa Syropu!
67%
6 Zabawa z Bronią
67%
4 Fastfoodowa Maskarada
50%
3 Misterium Majętności Mildenhall
17%
Nie znaleziono quizów pasujących do podanych kryteriów
Rozkład punktacji
Procent ludzi z każdym wynikiem
Percentyl według liczby udzielonych odpowiedzi
Twoja historia wyników
Nie rozwiązałeś tego quizu